000 01813nam a2200325Ia 4500
999 _c54988
_d54988
001 22059
003 GE_BSU
005 20220930155113.0
008 181216s ||||ge |||||||||||||| ||geo||
040 _cGE_BSU
041 _ageo
080 _a811.353.1'282 ჩ-99
100 _aჩხუბიანიშვილი, დარეჯან
_914940
245 _aსაენათმეცნიერო წერილები = Linguistic papers :
_bფერეიდნული ტექსტები ლექსიკონით /
_cდარეჯან ჩხუბიანიშვილი ; რედ. მარინა ბერიძე
264 _aთბილისი :
_bთბილ. უნ-ტის გამ-ბა,
_c2012.
300 _a352 გვ. ;
_c26 სმ.
500 _aპარალელური თავფურცელი ინგლისურ ენაზე
501 _aდანართი გვ. : 348-352
501 _aზოგი სიტყვის განმარტება გვ. : 307-308
501 _a ლექსიკონი გვ. : 309-347
541 _h14ლ.60თ.
653 _aსაენათმეცნიერო წერილები
653 _aLinguistic papers
653 _aფერეიდნული ტექსტები ლექსიკონით
653 _aქართული ენა
653 _aქართული ენის დიალექტები
700 _aბერიძე, მარინა
_eრედაქტორი
_913718
711 _a თსუ
_eარნოლდ ჩიქობავას სახელობის ენათმეცნიერების ინსტიტუტი
_914941
942 _cBK
_2udc